Normal view
MARC view
- El Emam, Khaled
Entry Personal Name
001 - CONTROL NUMBER
- control field: 94526
003 - CONTROL NUMBER IDENTIFIER
- control field: NUST
005 - DATE AND TIME OF LATEST TRANSACTION
- control field: 20220722111958.0
008 - FIXED-LENGTH DATA ELEMENTS
- fixed length control field: 220722|| aca||aabn | a|a d
040 ## - CATALOGING SOURCE
- Original cataloging agency: NUST
- Transcribing agency: NUST
100 ## - HEADING--PERSONAL NAME
- Personal name: El Emam, Khaled
670 ## - SOURCE DATA FOUND
- Source citation: Work cat.: (NUST)179787: El Emam, Khaled, The ROI from software quality /, 2005.
